Statistics for Lingua franca nova: paises de mundo

Click here to take the quiz!

General Stats

  • This quiz has been taken 247 times
  • The average score is 10 of 196

Answers on the Map

Answers color-coded by a green-red scale on the quiz's map according to % correct below.
 

Answer Stats

Country% Correct
Brasil
61%
Canada
60%
Mexico
54%
Rena Unida
47%
Colombia
39%
Peru
39%
Venezuela
36%
Bolivia
33%
Italia
32%
Portugal
32%
Australia
28%
Rusia
27%
Ecuador
25%
Panama
25%
Cuba
22%
Guatemala
21%
Costa Rica
18%
Paraguai
14%
Uruguai
14%
Jamaica
13%
Nicaragua
12%
Mongol
11%
Republica Dominican
10%
Salvador
10%
Sudafrica
10%
Angola
8%
Guiana
8%
Indonesia
8%
Island
8%
Israel
8%
Republica de Congo
8%
Republica Democrata de Congo
8%
Suiz
8%
Suriname
7%
Arabia Saudi
6%
Iran
6%
Mali
6%
Somalia
6%
Bahamas
5%
Beliz
5%
Nepal
5%
Sudan
5%
Tai
5%
Afganistan
4%
Botsuana
4%
Er
4%
Gana
4%
Libia
4%
Macedonia Norde
4%
Malta
4%
Monaco
4%
Senegal
4%
Site Vatican
4%
Trinidad e Tobago
4%
Uganda
4%
Vietnam
4%
Zimbabue
4%
Bosnia e
Hersegovina
3%
Camerun
3%
Frans
3%
Namibia
3%
San Marino
3%
Antigua e Barbuda
2%
Arjentina
2%
Barbados
2%
Benin
2%
Burundi
2%
Catar
2%
Dominica
2%
Espania
2%
Gabon
2%
Gambia
2%
Luxemburg
2%
Onduras
2%
Serbia
2%
Statos Unida de America
2%
Sudan Sude
2%
Tanzania
2%
Togo
2%
Zambia
2%
Aiti
1%
Amirias Arabi Unida
1%
Andora
1%
Azerbaidjan
1%
Balgaria
1%
Bangladex
1%
Barain
1%
Barat
1%
Belau
1%
Beljia
1%
Bielarus
1%
Brune
1%
Burcina Faso
1%
Camputxa
1%
Capo Verde
1%
Cazacstan
1%
Cenia
1%
Cipros
1%
Cirgistan
1%
Ciribas
1%
Comori
1%
Corvatsca
1%
Cosovo
1%
Costa de Ivor
1%
Cuait
1%
Danmarc
1%
Deutxland
1%
Divehi
1%
Djibuti
1%
Druciul
1%
Elas
1%
Ertra
1%
Esti
1%
Esuatini
1%
Gine
1%
Gine-Bisau
1%
Gine Ecuatoral
1%
Grenada
1%
Haiastan
1%
Iaman
1%
Irac
1%
Isolas Majel
1%
Isolas Solomon
1%
Itiopia
1%
Jazair
1%
Jonguo
1%
Latvia
1%
Lau
1%
Lesoto
1%
Liberia
1%
Lictenstain
1%
Lietuva
1%
Lubnan
1%
Madagasicara
1%
Magiar
1%
Magrib
1%
Malaisia
1%
Malaui
1%
Mauris
1%
Miama
1%
Misre
1%
Moldova
1%
Mosambic
1%
Muritania
1%
Nauero
1%
Nederland
1%
Nijer
1%
Nijeria
1%
Nion
1%
Noria
1%
Osteraic
1%
Pacistan
1%
Papua Gine Nova
1%
Pilipinas
1%
Polsca
1%
Romania
1%
Ruanda
1%
Sacartvelo
1%
Samoa
1%
San Kitts e Nevis
1%
San Lusia
1%
San Tome e Prínsipe
1%
San Vinsent e la
Grenadines
1%
Sentrafrica
1%
Sexeles
1%
Siera Leon
1%
Singapor
1%
Slovenia
1%
Slovensco
1%
Srilanca
1%
Statos Federada de Micronesia
1%
Suomi
1%
Suria
1%
Sveria
1%
Tadjicistan
1%
Taiuan
1%
Tehan
1%
Timor Este
1%
Tonga
1%
Tsernagora
1%
Tunis
1%
Turcia
1%
Turcmenistan
1%
Tuvalu
1%
Txad
1%
Txesco
1%
Txile
1%
Txoson
1%
Ucraina
1%
Uman
1%
Urdun
1%
Uzbecistan
1%
Vanuatu
1%
Viti
1%
Xciperia
1%
Zeland Nova
1%

Score Distribution

Percentile by Number Answered

Percent of People with Each Score

Your Score History

You have not taken this quiz